Statistiques concernant Les contraires

Cliquez ici pour prendre le quiz!

Statistiques générales

  • Ce quiz a été pris 126 fois
  • Le résultat moyen est 7 sur 15

Statistiques - réponses

HintRéponse% Correct
OuiNon
96%
MalusBonus
90%
TransparentOpaque
84%
CrépusculeAube/Aurore
82%
HôteInvité
54%
SympathiqueAntipathique
51%
LisseRugueux
47%
SauvageDomestique
43%
SoupleRaide
43%
PhilanthropeMisanthrope
36%
MûrGâté/Vert
29%
IgnobleNoble
11%
PosthumeAnthume
5%
AventureMésaventure
4%
PhobieParaphilie
0%

Distribution des résultats

Percentile par nombre de réponses

% des personnes avec chaque résultat

Votre développement - résultats

Vous n’avez pas pris ce quiz